[Event "Berlin-ch Seniors op 30th"]
[Site "Berlin"]
[Date "2014.02.05"]
[Round "7"]
[White "Modrow, Reinert"]
[Black "Tham, Franz"]
[Result "1/2-1/2"]
[WhiteElo "1420"]
[BlackElo "1273"]
[PlyCount "60"]
[EventDate "2014.01.30"]
[EventType "swiss"]
[EventRounds "9"]
[EventCountry "GER"]
[SourceTitle "EXT 2018"]
[Source "ChessBase"]
[SourceDate "2017.10.13"]
[SourceVersion "1"]
[SourceVersionDate "2017.10.13"]
[SourceQuality "1"]

1. d4 Nf6 2. c4 g6 3. Nc3 Bg7 4. Nf3 d6 5. Bg5 Nbd7 6. e3 b6 7. Be2 Bb7 8. Rc1 0-0 9. 0-0 c6 10. h3 Rb8 11. Re1 e5 12. Bxf6 Bxf6 13. Ne4 Bg7 14. Nxd6 Ba8 15. dxe5 Nxe5 16. b3 c5 17. Nb5 a6 18. Nc3 Bxf3 19. Bxf3 Nxf3+ 20. Qxf3 Bxc3 21. Rxc3 Kg7 22. Rd1 Qe7 23. Rcd3 Rbd8 24. Rxd8 Rxd8 25. Rxd8 Qxd8 26. Qe2 Qf6 27. g3 Qa1+ 28. Kh2 h5 29. f4 Qb1 30. e4 Kf6 1/2-1/2

[Event "Berlin-ch Seniors op 30th"]
[Site "Berlin"]
[Date "2014.02.02"]
[Round "4"]
[White "Sube, Guenter"]
[Black "Modrow, Reinert"]
[Result "1/2-1/2"]
[WhiteElo "1622"]
[BlackElo "1420"]
[PlyCount "26"]
[EventDate "2014.01.30"]
[EventType "swiss"]
[EventRounds "9"]
[EventCountry "GER"]
[SourceTitle "EXT 2018"]
[Source "ChessBase"]
[SourceDate "2017.10.13"]
[SourceVersion "1"]
[SourceVersionDate "2017.10.13"]
[SourceQuality "1"]

1. e4 c5 2. Nf3 e6 3. Nc3 Nc6 4. Be2 Nf6 5. 0-0 Be7 6. d4 cxd4 7. Nxd4 0-0 8. Be3 a6 9. Qd2 d6 10. Rad1 Bd7 11. a3 Rc8 12. Bf3 Ne5 13. Bf4 Nc4 1/2-1/2

[Event "Berlin-ch Seniors op 30th"]
[Site "Berlin"]
[Date "2014.02.01"]
[Round "3"]
[White "Modrow, Reinert"]
[Black "Langer, Guenter"]
[Result "1/2-1/2"]
[WhiteElo "1420"]
[BlackElo "1657"]
[PlyCount "89"]
[EventDate "2014.01.30"]
[EventType "swiss"]
[EventRounds "9"]
[EventCountry "GER"]
[SourceTitle "EXT 2018"]
[Source "ChessBase"]
[SourceDate "2017.10.13"]
[SourceVersion "1"]
[SourceVersionDate "2017.10.13"]
[SourceQuality "1"]

1. d4 c6 2. c4 d5 3. cxd5 cxd5 4. Nc3 Nf6 5. Nf3 e6 6. e3 Nc6 7. Be2 Bd6 8. Bd2 a6 9. Rc1 Bd7 10. a3 Rc8 11. 0-0 0-0 12. Re1 b5 13. Bd3 Na5 14. Na2 Nc4 15. Bc3 Re8 16. Bxc4 bxc4 17. Bb4 Bb8 18. Bc3 Ne4 19. Nd2 Nd6 20. e4 Bc6 21. exd5 Bxd5 22. Nb4 Bb7 23. Qg4 Nb5 24. Qe2 a5 25. Na2 Bd5 26. Nf3 Qc7 27. Qe5 Qd8 28. Qe2 Qf6 29. Ne5 Qe7 30. Qe3 Bc7 31. g3 Nd6 32. Nf3 Qf6 33. Nd2 Nf5 34. Ne4 Qe7 35. Qd2 h6 36. f4 Bxe4 37. Rxe4 Nd6 38. Re2 Bb6 39. Bxa5 Qb7 40. Bxb6 Qxb6 41. Nc3 f5 42. Kf1 Qb7 43. Kg1 Rcd8 44. Rce1 Kf7 45. d5 1/2-1/2

[Event "Berlin-ch Seniors op 27th"]
[Site "Berlin"]
[Date "2011.02.05"]
[Round "8"]
[White "Paris, Gerhard"]
[Black "Modrow, Reinert"]
[Result "1-0"]
[WhiteElo "1365"]
[BlackElo "1527"]
[PlyCount "45"]
[EventDate "2011.01.29"]
[EventType "swiss"]
[EventRounds "9"]
[EventCountry "GER"]
[SourceTitle "EXT 2012"]
[Source "ChessBase"]
[SourceDate "2011.11.24"]
[SourceVersion "1"]
[SourceVersionDate "2011.11.24"]
[SourceQuality "1"]

1. d4 f5 2. g3 Nf6 3. Bg2 e6 4. Nf3 Be7 5. c4 c5 6. e3 d5 7. Nc3 Ne4 8. Qb3 Nf6 9. 0-0 0-0 10. cxd5 exd5 11. Ne5 c4 12. Qc2 Nc6 13. Rd1 Ne4 14. a3 Be6 15. Ne2 Qd6 16. Nf4 Rad8 17. f3 Nf6 18. b3 Nxe5 19. dxe5 Qxe5 20. Bb2 Qxe3+ 21. Kh1 Qxb3 22. Qxb3 cxb3 23. Nxe6 1-0

[Event "Berlin-ch Seniors op 26th"]
[Site "Berlin"]
[Date "2010.02.12"]
[Round "4"]
[White "Modrow, Reinert"]
[Black "Junghaenel, Dieter"]
[Result "1/2-1/2"]
[WhiteElo "1561"]
[BlackElo "1433"]
[PlyCount "43"]
[EventDate "2010.02.09"]
[EventType "swiss"]
[EventRounds "9"]
[EventCountry "GER"]
[SourceTitle "EXT 2012"]
[Source "ChessBase"]
[SourceDate "2011.11.24"]
[SourceVersion "1"]
[SourceVersionDate "2011.11.24"]
[SourceQuality "1"]

1. d4 Nf6 2. c4 c6 3. Nc3 e6 4. Bg5 Be7 5. Nf3 d5 6. Bxf6 Bxf6 7. e3 Nd7 8. Bd3 g6 9. Rc1 Bg7 10. 0-0 0-0 11. Ne2 Nf6 12. Ng3 Ne8 13. b3 f5 14. Ne5 Bxe5 15. dxe5 Qa5 16. f4 Qb6 17. c5 Qc7 18. b4 a6 19. Rf2 Qe7 20. Nh1 Nc7 21. g4 Bd7 22. g5 1/2-1/2

[Event "Berlin-ch Seniors op 26th"]
[Site "Berlin"]
[Date "2010.02.10"]
[Round "2"]
[White "Modrow, Reinert"]
[Black "Schueler, Wolfgang"]
[Result "1/2-1/2"]
[WhiteElo "1561"]
[BlackElo "1825"]
[PlyCount "69"]
[EventDate "2010.02.09"]
[EventType "swiss"]
[EventRounds "9"]
[EventCountry "GER"]
[SourceTitle "EXT 2012"]
[Source "ChessBase"]
[SourceDate "2011.11.24"]
[SourceVersion "1"]
[SourceVersionDate "2011.11.24"]
[SourceQuality "1"]

1. d4 d5 2. c4 e6 3. Nc3 Nf6 4. Bg5 c6 5. e3 Nbd7 6. Nf3 h6 7. Bxf6 Nxf6 8. Bd3 dxc4 9. Bxc4 b5 10. Bd3 a6 11. 0-0 Bb7 12. Rc1 Qb6 13. Ne4 Nd5 14. a3 Rc8 15. Nc5 Bxc5 16. dxc5 Qc7 17. Bb1 Rd8 18. Qc2 Nf6 19. Rfd1 Ke7 20. Rd4 Rxd4 21. Nxd4 Rd8 22. Rd1 g6 23. Nf3 Rxd1+ 24. Qxd1 a5 25. Qd4 Qd7 26. Ne5 Qxd4 27. exd4 Nd7 28. Nxd7 Kxd7 29. b4 axb4 30. axb4 Ke7 31. f4 g5 32. fxg5 hxg5 33. Kf2 f5 34. g3 Kf6 35. Ke3 1/2-1/2

[Event "Brandenburg-ch Seniors 18th"]
[Site "Rowy"]
[Date "2009.06.29"]
[Round "8"]
[White "Modrow, Reinert"]
[Black "Zaleski, Jan"]
[Result "1/2-1/2"]
[WhiteElo "1495"]
[BlackElo "1646"]
[PlyCount "119"]
[EventDate "2009.06.22"]
[EventType "swiss"]
[EventRounds "9"]
[EventCountry "POL"]
[SourceTitle "EXT 2022"]
[Source "ChessBase"]
[SourceDate "2021.10.06"]
[SourceVersion "1"]
[SourceVersionDate "2021.10.06"]
[SourceQuality "1"]

1. d4 f5 2. c4 e6 3. Nc3 Nf6 4. Nf3 Be7 5. g3 0-0 6. Bg2 d5 7. cxd5 exd5 8. 0-0 c6 9. Bg5 Qe8 10. e3 Qh5 11. Ne2 h6 12. Nf4 Qe8 13. Bxf6 Bxf6 14. Rc1 Nd7 15. b4 a6 16. Nd3 Qe7 17. Qb3 Kh7 18. a4 Nb6 19. Nd2 Bd7 20. a5 Nc8 21. Nc5 Be8 22. Na4 Nd6 23. Nb6 Rd8 24. Rc5 Ne4 25. Nxe4 fxe4 26. Bh3 Bf7 27. Nc8 Rxc8 28. Bxc8 Rxc8 29. Qd1 Qe6 30. Qe2 Qd7 31. Rfc1 Be7 32. R5c2 Bxb4 33. Ra1 Rc7 34. Qd1 Be6 35. Qb1 Bd6 36. Qe1 Bg4 37. Rb1 Bf3 38. Qf1 Qg4 39. Rcb2 Qc8 40. Rb3 c5 41. dxc5 Bxc5 42. Rc1 Bg4 43. Rbc3 Rc6 44. Rb3 b5 45. axb6 Bxb6 46. Rxc6 Qxc6 47. Qxa6 Qc1+ 48. Kg2 Qd1 49. Rxb6 Qf3+ 50. Kg1 Bh3 51. Rxh6+ gxh6 52. Qb7+ Kg6 53. Qc6+ Qf6 54. Qc1 h5 55. Qd1 Qa6 56. Qc1 Qc4 57. Qb1 Qc6 58. f3 Bf5 59. fxe4 Bxe4 60. Qd1 1/2-1/2

[Event "Brandenburg-ch Seniors 18th"]
[Site "Rowy"]
[Date "2009.06.26"]
[Round "5"]
[White "Modrow, Reinert"]
[Black "Assmann, Hans"]
[Result "1/2-1/2"]
[WhiteElo "1495"]
[BlackElo "1594"]
[PlyCount "27"]
[EventDate "2009.06.22"]
[EventType "swiss"]
[EventRounds "9"]
[EventCountry "POL"]
[SourceTitle "EXT 2022"]
[Source "ChessBase"]
[SourceDate "2021.10.06"]
[SourceVersion "1"]
[SourceVersionDate "2021.10.06"]
[SourceQuality "1"]

1. d4 Nf6 2. c4 e6 3. Nc3 Bb4 4. Bd2 d5 5. e3 Nc6 6. a3 Be7 7. Nf3 b6 8. Rc1 Bd7 9. cxd5 exd5 10. Bb5 a6 11. Bd3 Na5 12. Ne2 Nb7 13. Qc2 c5 14. Nf4 1/2-1/2

[Event "Brandenburg-ch Seniors 18th"]
[Site "Rowy"]
[Date "2009.06.22"]
[Round "1"]
[White "Niezgoda, Boleslaw"]
[Black "Modrow, Reinert"]
[Result "1-0"]
[WhiteElo "1647"]
[BlackElo "1495"]
[PlyCount "59"]
[EventDate "2009.06.22"]
[EventType "swiss"]
[EventRounds "9"]
[EventCountry "POL"]
[SourceTitle "EXT 2022"]
[Source "ChessBase"]
[SourceDate "2021.10.06"]
[SourceVersion "1"]
[SourceVersionDate "2021.10.06"]
[SourceQuality "1"]

1. e4 c5 2. f4 d6 3. Nf3 Nc6 4. c3 g6 5. Bc4 e6 6. 0-0 Bg7 7. Bb3 Nge7 8. Ng5 0-0 9. d3 d5 10. Nd2 Qb6 11. Kh1 Na5 12. Bc2 Bd7 13. Rb1 Rad8 14. a3 Nac6 15. Qf3 d4 16. Qh3 h6 17. Ngf3 Qc7 18. Nc4 b5 19. Nce5 Nxe5 20. fxe5 Bxe5 21. Bxh6 Bg7 22. Bxg7 Kxg7 23. Ng5 f5 24. exf5 exf5 25. Rbe1 Rde8 26. Qh7+ Kf6 27. Ne4+ Ke5 28. Qg7+ Kd5 29. Nf6+ Rxf6 30. Qxf6 1-0

[Event "Berlin-ch Seniors op 25th"]
[Site "Berlin"]
[Date "2009.02.18"]
[Round "7"]
[White "Badestein, Hartmut"]
[Black "Modrow, Reinert"]
[Result "1-0"]
[WhiteElo "2212"]
[BlackElo "1844"]
[PlyCount "52"]
[EventDate "2009.02.12"]
[EventType "swiss"]
[EventRounds "9"]
[EventCountry "GER"]
[SourceTitle "EXT 2022"]
[Source "ChessBase"]
[SourceDate "2021.10.06"]
[SourceVersion "1"]
[SourceVersionDate "2021.10.06"]
[SourceQuality "1"]

1. e4 c5 2. Nf3 e6 3. Qe2 Nc6 4. g3 g6 5. Bg2 Bg7 6. 0-0 Nge7 7. d3 0-0 8. c3 d6 9. h4 e5 10. Be3 a6 11. a4 Bg4 12. Qd2 Qd7 13. Nh2 Be6 14. Nf3 f5 15. Ng5 Nd8 16. Nxe6 Nxe6 17. Bh3 Rf7 18. Qe2 Raf8 19. exf5 Nxf5 20. Nd2 Nxe3 21. fxe3 Rxf1+ 22. Rxf1 Rxf1+ 23. Qxf1 Qe7 24. Qf3 Nf8 25. Qd5+ Kh8 26. Nc4 Nd7 1-0

[Event "Berlin-ch Seniors op 25th"]
[Site "Berlin"]
[Date "2009.02.16"]
[Round "5"]
[White "Modrow, Reinert"]
[Black "Rollwitz, Inge"]
[Result "1-0"]
[WhiteElo "1844"]
[BlackElo "1489"]
[PlyCount "79"]
[EventDate "2009.02.12"]
[EventType "swiss"]
[EventRounds "9"]
[EventCountry "GER"]
[SourceTitle "EXT 2022"]
[Source "ChessBase"]
[SourceDate "2021.10.06"]
[SourceVersion "1"]
[SourceVersionDate "2021.10.06"]
[SourceQuality "1"]

1. d4 d6 2. c4 c5 3. Nf3 g6 4. Nc3 Bg7 5. e3 Bg4 6. Be2 Nf6 7. 0-0 0-0 8. h3 Bd7 9. Qc2 a6 10. Rd1 b6 11. Nh2 cxd4 12. exd4 Nc6 13. Be3 Rc8 14. a3 Na7 15. Qd2 b5 16. cxb5 axb5 17. d5 Ra8 18. Bxa7 Rxa7 19. Bxb5 Bxb5 20. Nxb5 Rb7 21. Nc3 Qc7 22. Rac1 Qb8 23. b4 Rc8 24. Ne2 Rbc7 25. Rxc7 Rxc7 26. Rc1 Rxc1+ 27. Nxc1 Qb7 28. Ne2 Nxd5 29. Nf3 Nc7 30. a4 Qa6 31. Qc2 Nd5 32. b5 Qa5 33. Qc6 Nb6 34. Qe8+ Bf8 35. Ned4 Qxa4 36. Ng5 Qc4 37. Nde6 Qc1+ 38. Kh2 fxe6 39. Qf7+ Kh8 40. Qxf8# 1-0

[Event "Berlin-ch Seniors op 25th"]
[Site "Berlin"]
[Date "2009.02.12"]
[Round "1"]
[White "Modrow, Reinert"]
[Black "Thur, Herbert"]
[Result "1/2-1/2"]
[WhiteElo "1844"]
[BlackElo "1344"]
[PlyCount "71"]
[EventDate "2009.02.12"]
[EventType "swiss"]
[EventRounds "9"]
[EventCountry "GER"]
[SourceTitle "EXT 2022"]
[Source "ChessBase"]
[SourceDate "2021.10.06"]
[SourceVersion "1"]
[SourceVersionDate "2021.10.06"]
[SourceQuality "1"]

1. d4 d5 2. c4 c6 3. Nc3 e6 4. Nf3 Nd7 5. Bf4 Ngf6 6. e3 Bb4 7. a3 Bxc3+ 8. bxc3 Ne4 9. Qc2 Qa5 10. cxd5 cxd5 11. Nd2 Qxc3 12. Qxc3 Nxc3 13. Rc1 Ne4 14. Bb5 a6 15. Bxd7+ Bxd7 16. Nxe4 dxe4 17. Bd6 Bc6 18. Kd2 Kd7 19. Bc5 Rhb8 20. Bb6 a5 21. Rb1 a4 22. Rhc1 f5 23. Rc5 Rc8 24. Rbc1 g5 25. g3 h5 26. h3 Ra6 27. Rb1 Bd5 28. Rxc8 Kxc8 29. Bc5 Kc7 30. Bb4 Rc6 31. Rc1 Rxc1 32. Kxc1 b6 33. Be7 g4 34. h4 Kc6 35. Kb2 b5 36. Kc3 1/2-1/2

[Event "Brandenburg-ch Seniors 17th"]
[Site "Rowy"]
[Date "2008.06.29"]
[Round "6"]
[White "Modrow, Reinert"]
[Black "Serowy, Reinhold"]
[Result "1/2-1/2"]
[WhiteElo "1513"]
[BlackElo "1392"]
[PlyCount "62"]
[EventDate "2008.06.23"]
[EventType "swiss"]
[EventRounds "9"]
[EventCountry "POL"]
[SourceTitle "EXT 2022"]
[Source "ChessBase"]
[SourceDate "2021.10.06"]
[SourceVersion "1"]
[SourceVersionDate "2021.10.06"]
[SourceQuality "1"]

1. d4 d5 2. c4 Nc6 3. Nf3 Nf6 4. Nc3 Bf5 5. e3 Nb4 6. Qa4+ Nc6 7. Ne5 Bd7 8. Nxd7 Qxd7 9. cxd5 Nxd5 10. Nxd5 Qxd5 11. Qb5 Qxb5 12. Bxb5 e6 13. Bd2 a6 14. Bxc6+ bxc6 15. Rc1 Kd7 16. Ke2 Rb8 17. b3 Bb4 18. Bxb4 Rxb4 19. Rc5 Rb5 20. Rhc1 Rxc5 21. Rxc5 Rb8 22. Kd3 Rb5 23. Kc4 Kd6 24. g4 Kd7 25. h4 Rb7 26. e4 f6 27. Ra5 Rb6 28. f4 g6 29. g5 Ke7 30. h5 Kd7 31. h6 Ke7 1/2-1/2

[Event "Brandenburg-ch Seniors 17th"]
[Site "Rowy"]
[Date "2008.06.28"]
[Round "5"]
[White "Thur, Herbert"]
[Black "Modrow, Reinert"]
[Result "1-0"]
[WhiteElo "1352"]
[BlackElo "1513"]
[PlyCount "55"]
[EventDate "2008.06.23"]
[EventType "swiss"]
[EventRounds "9"]
[EventCountry "POL"]
[SourceTitle "EXT 2022"]
[Source "ChessBase"]
[SourceDate "2021.10.06"]
[SourceVersion "1"]
[SourceVersionDate "2021.10.06"]
[SourceQuality "1"]

1. d4 e6 2. e3 d5 3. c4 Nf6 4. Nc3 c6 5. a3 Nbd7 6. b4 Be7 7. Nf3 0-0 8. Bb2 dxc4 9. Bxc4 Nb6 10. Bd3 Nfd5 11. Qc2 g6 12. h4 Nxc3 13. Bxc3 Nd5 14. h5 Nxc3 15. hxg6 fxg6 16. Bxg6 Rf5 17. Bxh7+ Kg7 18. Bxf5 exf5 19. Qxc3 Bf6 20. 0-0-0 Be6 21. Rh2 Qg8 22. Rdh1 Kf8 23. Rh7 Bg7 24. Qc5+ Ke8 25. Ng5 Bd5 26. f3 Rd8 27. e4 fxe4 28. fxe4 1-0

[Event "Brandenburg-ch Seniors 17th"]
[Site "Rowy"]
[Date "2008.06.25"]
[Round "4"]
[White "Modrow, Reinert"]
[Black "Karolak, Jan"]
[Result "0-1"]
[WhiteElo "1513"]
[BlackElo "1760"]
[PlyCount "72"]
[EventDate "2008.06.23"]
[EventType "swiss"]
[EventRounds "9"]
[EventCountry "POL"]
[SourceTitle "EXT 2022"]
[Source "ChessBase"]
[SourceDate "2021.10.06"]
[SourceVersion "1"]
[SourceVersionDate "2021.10.06"]
[SourceQuality "1"]

1. d4 Nf6 2. c4 g6 3. Nc3 Bg7 4. Nf3 d6 5. e4 0-0 6. Be2 Nbd7 7. 0-0 e5 8. d5 Nc5 9. Bg5 h6 10. Bxf6 Qxf6 11. b4 Nd7 12. Rc1 Qe7 13. Qc2 Nf6 14. Nd1 Nh5 15. Ne3 Nf4 16. Bd1 f5 17. exf5 gxf5 18. g3 Nh3+ 19. Kh1 f4 20. Ng2 Bf5 21. Qd2 Bf6 22. Nfh4 Be4 23. f3 fxg3 24. Qxh6 Bg5 25. Qe6+ Qxe6 26. dxe6 Bxc1 27. Be2 Nf2+ 28. Kg1 Bd3 29. Bxd3 Nxd3 30. hxg3 Bg5 31. a3 a5 32. Rd1 Nb2 33. Rb1 Nxc4 34. bxa5 Nxa5 35. Rb5 Bxh4 36. Nxh4 Kg7 0-1

[Event "Brandenburg-ch Seniors 17th"]
[Site "Rowy"]
[Date "2008.06.23"]
[Round "1"]
[White "Galicki, Ryszard"]
[Black "Modrow, Reinert"]
[Result "1-0"]
[WhiteElo "1852"]
[BlackElo "1513"]
[PlyCount "63"]
[EventDate "2008.06.23"]
[EventType "swiss"]
[EventRounds "9"]
[EventCountry "POL"]
[SourceTitle "EXT 2022"]
[Source "ChessBase"]
[SourceDate "2021.10.06"]
[SourceVersion "1"]
[SourceVersionDate "2021.10.06"]
[SourceQuality "1"]

1. e4 c5 2. Nf3 e6 3. d4 cxd4 4. Nxd4 Bc5 5. Nb3 Bb6 6. Bf4 Ne7 7. Bd6 0-0 8. Nc3 f5 9. e5 Nbc6 10. Qd2 a6 11. 0-0-0 Rf7 12. g3 Bc7 13. f4 b6 14. Bg2 Rb8 15. h4 Bb7 16. Bxc7 Qxc7 17. Qxd7 Qxd7 18. Rxd7 Ng6 19. Rxb7 Rfxb7 20. Bxc6 Rc7 21. Nd4 Ne7 22. Bf3 Kf7 23. Rd1 Rbc8 24. Nce2 b5 25. b3 g6 26. Kb2 b4 27. a3 a5 28. axb4 axb4 29. Ra1 Nd5 30. Bxd5 exd5 31. Ra6 Ke7 32. Rb6 1-0

[Event "Brandenburg-ch Seniors 17th"]
[Site "Rowy"]
[Date "2008.06.23"]
[Round "2"]
[White "Modrow, Reinert"]
[Black "Gensch, Manfred"]
[Result "1/2-1/2"]
[WhiteElo "1513"]
[BlackElo "1733"]
[PlyCount "84"]
[EventDate "2008.06.23"]
[EventType "swiss"]
[EventRounds "9"]
[EventCountry "POL"]
[SourceTitle "EXT 2022"]
[Source "ChessBase"]
[SourceDate "2021.10.06"]
[SourceVersion "1"]
[SourceVersionDate "2021.10.06"]
[SourceQuality "1"]

1. d4 Nf6 2. c4 e6 3. Nc3 Bb4 4. Qc2 0-0 5. Nf3 b6 6. a3 Bxc3+ 7. Qxc3 Bb7 8. Bg5 d6 9. e3 Nbd7 10. Rd1 h6 11. Bh4 a5 12. Bd3 Qe7 13. 0-0 e5 14. Bf5 e4 15. Nd2 g5 16. Bg3 h5 17. h3 Rfe8 18. f4 exf3 19. Nxf3 g4 20. hxg4 hxg4 21. Nh2 Qxe3+ 22. Qxe3 Rxe3 23. Bf4 Re2 24. Rd2 Rae8 25. Bxg4 Nxg4 26. Nxg4 Rxd2 27. Bxd2 Re2 28. Rf2 Re4 29. Nh6+ Kh7 30. Nxf7 Kg7 31. Nd8 Bc8 32. Bc3 Kg6 33. d5 Ne5 34. Bxe5 Rxe5 35. Nc6 Re4 36. b3 Bd7 37. Nb8 Bc8 38. Rf3 Re8 39. Nc6 Re4 40. Kf2 Bd7 41. b4 Bxc6 42. dxc6 a4 1/2-1/2

[Event "GER-ch Seniors Gp-B 19th"]
[Site "Templin"]
[Date "2007.08.31"]
[Round "9"]
[White "Modrow, Reinert"]
[Black "Reeh, Axel"]
[Result "1/2-1/2"]
[WhiteElo "1583"]
[BlackElo "1656"]
[PlyCount "38"]
[EventDate "2007.08.23"]
[EventType "swiss"]
[EventRounds "9"]
[EventCountry "GER"]
[SourceTitle "EXT 2022"]
[Source "ChessBase"]
[SourceDate "2021.10.06"]
[SourceVersion "1"]
[SourceVersionDate "2021.10.06"]
[SourceQuality "1"]

1. d4 f5 2. c4 Nf6 3. Nc3 g6 4. g3 Bg7 5. Bg2 0-0 6. Bg5 c6 7. Nf3 d6 8. 0-0 Nbd7 9. Rc1 Rb8 10. Qd2 Re8 11. Rfe1 Nf8 12. e4 fxe4 13. Nxe4 Bf5 14. Nxf6+ exf6 15. Rxe8 Qxe8 16. Re1 Qd7 17. Bh6 Bh8 18. Qe2 Kf7 19. Bxf8 Rxf8 1/2-1/2

[Event "GER-ch Seniors Gp-B 19th"]
[Site "Templin"]
[Date "2007.08.25"]
[Round "3"]
[White "Modrow, Reinert"]
[Black "Smits, Oswald"]
[Result "1/2-1/2"]
[WhiteElo "1583"]
[BlackElo "1698"]
[PlyCount "44"]
[EventDate "2007.08.23"]
[EventType "swiss"]
[EventRounds "9"]
[EventCountry "GER"]
[SourceTitle "EXT 2022"]
[Source "ChessBase"]
[SourceDate "2021.10.06"]
[SourceVersion "1"]
[SourceVersionDate "2021.10.06"]
[SourceQuality "1"]

1. d4 Nf6 2. c4 e6 3. Nc3 d5 4. Bg5 c6 5. e3 Nbd7 6. cxd5 exd5 7. Nf3 Bd6 8. Bd3 0-0 9. Ne2 Qc7 10. Bf4 Bb4+ 11. Nd2 Qa5 12. a3 Bxd2+ 13. Qxd2 Qxd2+ 14. Kxd2 Nh5 15. Bg3 Ndf6 16. f3 Nxg3 17. hxg3 g6 18. Rh2 Kg7 19. g4 Rh8 20. g5 Ng8 21. Rah1 Bd7 22. g4 Rf8 1/2-1/2

[Event "GER-ch Seniors Gp-B 19th"]
[Site "Templin"]
[Date "2007.08.24"]
[Round "2"]
[White "Grabara, Manfred"]
[Black "Modrow, Reinert"]
[Result "0-1"]
[WhiteElo "1723"]
[BlackElo "1583"]
[PlyCount "84"]
[EventDate "2007.08.23"]
[EventType "swiss"]
[EventRounds "9"]
[EventCountry "GER"]
[SourceTitle "EXT 2022"]
[Source "ChessBase"]
[SourceDate "2021.10.06"]
[SourceVersion "1"]
[SourceVersionDate "2021.10.06"]
[SourceQuality "1"]

1. f4 c5 2. e4 g6 3. Nf3 Bg7 4. c4 Nc6 5. d3 d6 6. Nc3 Bg4 7. Be2 e6 8. 0-0 Bxf3 9. Bxf3 Nge7 10. a3 0-0 11. Rb1 a6 12. Qe1 Rb8 13. b4 cxb4 14. axb4 Nd4 15. Bd1 b5 16. Ne2 Nec6 17. Be3 Nxe2+ 18. Bxe2 Nd4 19. Bd1 Qd7 20. Qf2 Nc6 21. c5 Rfd8 22. d4 dxc5 23. dxc5 Bd4 24. Bf3 Bxe3 25. Qxe3 Qd4 26. Qxd4 Rxd4 27. e5 Nxb4 28. g3 Rc8 29. Rf2 Rxc5 30. Rfb2 Nd5 31. Ra1 Rb4 32. Rxb4 Nxb4 33. Bb7 Rc2 34. h4 Ra2 35. Rd1 a5 36. g4 Rc2 37. h5 gxh5 38. gxh5 Kg7 39. Rd4 Rc4 40. Rxc4 bxc4 41. Kf1 a4 42. Be4 a3 0-1

[Event "Brandenburg Seniors op 16th"]
[Site "Rowy"]
[Date "2007.06.26"]
[Round "8"]
[White "Ewald, Horst"]
[Black "Modrow, Reinert"]
[Result "1/2-1/2"]
[WhiteElo "1619"]
[BlackElo "1461"]
[PlyCount "72"]
[EventDate "2007.06.18"]
[EventType "swiss"]
[EventRounds "9"]
[EventCountry "POL"]
[SourceTitle "EXT 2011"]
[Source "ChessBase"]
[SourceDate "2010.11.26"]
[SourceVersion "1"]
[SourceVersionDate "2010.11.26"]
[SourceQuality "1"]

1. d4 d5 2. Nc3 Nf6 3. Bg5 e6 4. e3 Be7 5. Nf3 Nbd7 6. Bd3 c5 7. 0-0 0-0 8. Ne5 c4 9. Be2 a6 10. f4 Ne4 11. Nxe4 dxe4 12. Bxe7 Qxe7 13. Bxc4 Nxe5 14. fxe5 b5 15. Be2 Bb7 16. c3 Rac8 17. Rf4 f6 18. exf6 Rxf6 19. Rxf6 Qxf6 20. Qb3 Bd5 21. Qd1 Qg5 22. Qd2 Rf8 23. a4 Bc4 24. axb5 Bxe2 25. Qxe2 axb5 26. Ra5 Rf5 27. b3 g6 28. c4 bxc4 29. Rxf5 Qxf5 30. bxc4 Qa5 31. c5 Qc3 32. Kf2 e5 33. Qa2+ Kg7 34. Qa7+ Kh6 35. dxe5 Qd2+ 36. Kf1 Qd1+ 1/2-1/2

[Event "Brandenburg Seniors op 16th"]
[Site "Rowy"]
[Date "2007.06.20"]
[Round "3"]
[White "Modrow, Reinert"]
[Black "Heinrich, Klaus1111"]
[Result "1/2-1/2"]
[WhiteElo "1461"]
[BlackElo "1593"]
[PlyCount "67"]
[EventDate "2007.06.18"]
[EventType "swiss"]
[EventRounds "9"]
[EventCountry "POL"]
[SourceTitle "EXT 2011"]
[Source "ChessBase"]
[SourceDate "2010.11.26"]
[SourceVersion "1"]
[SourceVersionDate "2010.11.26"]
[SourceQuality "1"]

1. d4 d5 2. c4 c6 3. Nc3 Nf6 4. Nf3 e6 5. Bg5 Be7 6. e3 Nbd7 7. cxd5 exd5 8. Rc1 0-0 9. Bd3 h6 10. Bxf6 Nxf6 11. 0-0 Bg4 12. Be2 Bd6 13. Nh4 Bd7 14. Qd3 Qc7 15. Nf5 Bxf5 16. Qxf5 g6 17. Qh3 Kg7 18. Bd3 Rae8 19. Ne2 Qd7 20. Qxd7 Nxd7 21. b3 f5 22. g3 g5 23. Rce1 Kf6 24. Kg2 Kg7 25. b4 a6 26. Rb1 f4 27. gxf4 gxf4 28. exf4 Bxf4 29. Ng3 Bxg3 30. hxg3 Nf6 31. f3 Re3 32. Rbd1 Rfe8 33. a4 b5 34. a5 1/2-1/2

[Event "Brandenburg Seniors op 16th"]
[Site "Rowy"]
[Date "2007.06.18"]
[Round "1"]
[White "Modrow, Reinert"]
[Black "Scheide, Helmut"]
[Result "1/2-1/2"]
[WhiteElo "1461"]
[BlackElo "2005"]
[PlyCount "109"]
[EventDate "2007.06.18"]
[EventType "swiss"]
[EventRounds "9"]
[EventCountry "POL"]
[SourceTitle "EXT 2011"]
[Source "ChessBase"]
[SourceDate "2010.11.26"]
[SourceVersion "1"]
[SourceVersionDate "2010.11.26"]
[SourceQuality "1"]

1. d4 Nf6 2. c4 e6 3. Nc3 Bb4 4. Bg5 c5 5. Nf3 cxd4 6. Nxd4 Qa5 7. Bd2 Nc6 8. Nb3 Qf5 9. a3 Bxc3 10. Bxc3 Ne4 11. f3 Nxc3 12. bxc3 Qf6 13. Nd4 Na5 14. e4 b6 15. Qc2 Bb7 16. Bd3 0-0 17. 0-0 g6 18. Nb5 Qe7 19. e5 Qc5+ 20. Kh1 Qxe5 21. Rfe1 Qc5 22. Re2 a6 23. Nd4 Nxc4 24. Bxc4 Qxc4 25. Rb1 b5 26. Rb4 Qd5 27. Nb3 Rfc8 28. Rd2 Qe5 29. Qd1 a5 30. Rbd4 d5 31. Re2 Qd6 32. Qc1 Rc4 33. Rxc4 bxc4 34. Nd4 e5 35. Nb5 Qd7 36. a4 f6 37. Qe3 Qc6 38. f4 Re8 39. fxe5 Rxe5 40. Qd2 Ba6 41. Rxe5 fxe5 42. Qg5 Bxb5 43. axb5 Qxb5 44. h4 Qe8 45. h5 h6 46. Qxh6 gxh5 47. Qg5+ Kh7 48. Qf5+ Kg7 49. Qg5+ Kf8 50. Qf6+ Kg8 51. Qg5+ Kh7 52. Qf5+ Kh6 53. Qf6+ Qg6 54. Qxe5 Qe4 55. Qf6+ 1/2-1/2